All Pokémon With Galarian Forms - Statistics

General Stats
  • This quiz has been taken 71 times
  • The average score is 15 of 19
Answer Stats
Original Region Original type(s) New type(s) Answer % Correct
Kanto Ice-flying Psychic-flying Articuno
93%
Kanto Fire-flying Dark-flying Moltres
93%
Kanto Electric-flying Fighting-flying Zapdos
93%
Kanto Normal Steel Meowth
86%
Kanto Normal-flying Fighting Farfetch'd
82%
Johto Water-rock Ghost Corsola
80%
Kanto Fire Psychic Ponyta
80%
Kanto Fire Psychic-fairy Rapidash
80%
Kanto Water-psychic Poison-psychic Slowbro
80%
Johto Water-psychic Poison-psychic Slowking
80%
Kanto Water-psychic Psychic Slowpoke
80%
Hoenn Normal Dark-normal Zigzagoon
80%
Kanto Poison Poison-fairy Weezing
77%
Unova Fire Ice Darmanitan
75%
Unova Ground-electric Ground-steel Stunfisk
75%
Hoenn Normal Dark-normal Linoone
73%
Kanto Psychic-fairy Ice-psychic Mr. Mime
73%
Unova Fire Ice Darumaka
70%
Unova Ghost Ground-ghost Yamask
70%
No matching quizzes found
Score Distribution
Percent of People with Each Score
Percentile by Number Answered
Your Score History
You have not taken this quiz